Hahlo's South African Company Law through the cases : (Record no. 257)

MARC details
000 -LEADER
fixed length control field 00720nam a22001817a 4500
005 - DATE AND TIME OF INPUT
control field 20231102130124.0
008 - DATA ELEMENTS--GENERAL INFORMATION
fixed length control field 231102b |||||||| |||| 00| 0 eng d
020 ## - INTERNATIONAL STANDARD BOOK NUMBER
International Standard Book Number 0702151424
041 ## - LANGUAGE CODE
Language code of text English
082 ## - SHELF NUMBER
DDC number 346.6 HAH
100 ## - MAIN AUTHOR
Main author's name Pretorius, JT, Delport, PA, Havenga, M and Vermaas, M
Language of a work English
245 ## - TITLE STATEMENT
Title Hahlo's South African Company Law through the cases :
Sub-title a collection of cases on Company Law with Explanatory Notes and Comments /
Statement of responsibility, etc. JT Pretorius, PA Delport, M Havenga and M Vermaas
250 ## - EDITION STATEMENT
Edition statement Sixth Edition
260 ## - PUBLICATION, DISTRIBUTION, ETC.
Place of publication, distribution, etc. Cape Town :
Name of publisher, distributor, etc. Juta and Company Ltd,
Date of publication, distribution, etc. 1999
300 ## - PHYSICAL DESCRIPTION
Other physical details xlviii, 629 pages ;
Dimensions 25,5 cm.
650 ## - SUBJECT`
Broad subject Legal practice
Own subject terms Law
942 ## - ADDED ENTRY ELEMENTS (KOHA)
Item type Books
942 ## - ADDED ENTRY ELEMENTS (KOHA)
-- ALISON_BN_VRIES
Holdings
Source of classification or shelving scheme Not for loan Collection code Home library Current library Shelving location Date acquired Full call number Barcode Price effective from Koha item type
Dewey Decimal Classification   TEXT BOOKS LAW SOCIETY OF NAMIBIA LIBRARY - WINDHOEK LAW SOCIETY OF NAMIBIA LIBRARY - WINDHOEK Corporate, commercial and company law 11/02/2023 346.6 HAH LSN/2004/57 11/02/2023 Books